[Event "Hampshire-chB"]
[Site "Fareham"]
[Date "2022.11.06"]
[Round "6"]
[White "Stout, Nick"]
[Black "Dore, Alexandre"]
[Result "1-0"]
[WhiteElo "1735"]
[BlackElo "1700"]
[PlyCount "65"]
[EventDate "2022.11.04"]
[EventType "swiss"]
[EventRounds "6"]
[EventCountry "ENG"]
[SourceTitle "EXT 2024"]
[Source "ChessBase"]
[SourceDate "2023.10.10"]
[SourceVersion "1"]
[SourceVersionDate "2023.10.10"]
[SourceQuality "1"]

1. d4 Nf6 2. e3 e6 3. Bd3 c5 4. c3 Nc6 5. Nf3 d5 6. Nbd2 Bd7 7. 0-0 cxd4 8. exd4 g6 9. Ne5 Nxe5 10. dxe5 Ng8 11. Nf3 Ne7 12. Bf4 Qb6 13. Qe2 Bg7 14. a4 0-0 15. Rfe1 Nc6 16. Be3 Qc7 17. Bc5 Rfe8 18. Bd6 Qd8 19. h3 Bf8 20. Bxf8 Rxf8 21. Qe3 f6 22. exf6 Qxf6 23. Ng5 Rae8 24. Qg3 e5 25. h4 a6 26. Bc2 Bf5 27. Bb3 Rd8 28. Rad1 Be6 29. Nxe6 Qxe6 30. Qd3 Ne7 31. Qg3 Rf4 32. Qxf4 exf4 33. Rxe6 1-0

[Event "Hampshire-chB"]
[Site "Fareham"]
[Date "2022.11.05"]
[Round "3"]
[White "Dore, Alexandre"]
[Black "Jackson, Lewis"]
[Result "1-0"]
[WhiteElo "1700"]
[BlackElo "1435"]
[PlyCount "33"]
[EventDate "2022.11.04"]
[EventType "swiss"]
[EventRounds "6"]
[EventCountry "ENG"]
[SourceTitle "EXT 2024"]
[Source "ChessBase"]
[SourceDate "2023.10.10"]
[SourceVersion "1"]
[SourceVersionDate "2023.10.10"]
[SourceQuality "1"]

1. d4 b6 2. Nc3 e6 3. Bf4 Bb7 4. e4 Bb4 5. Nge2 Bxe4 6. a3 Bxc3+ 7. Nxc3 Bb7 8. Qg4 g6 9. Be2 f5 10. Qg3 d6 11. 0-0-0 a6 12. Rhe1 Kf7 13. Bc4 d5 14. Bxc7 Qc8 15. Bb3 Nd7 16. Qd6 Qe8 17. Nxd5 1-0